000 00313nam a22001457a 4500
008 210310b ||||| |||| 00| 0 eng d
020 _a9781285752938
041 _aeng
080 _29th
_a33
082 _a33
100 _a59
101 _aBIZ
245 _aBusiness Communication
_cNewman,A
942 _2udc
_cBK
999 _c56278
_d56278